MIA: acuerdo multilateral de inversiones; alerta mundial
Spremljeno u:
| Format: | Tekst |
|---|---|
| Teme: | |
| Oznake: |
Dodaj oznaku
Bez oznaka, Budi prvi tko označuje ovaj zapis!
|
MARC
| LEADER | 00000 a a2200000 04500 | ||
|---|---|---|---|
| 001 | 4089 | ||
| 003 | |||
| 040 | |||
| 245 | |a MIA: |b acuerdo multilateral de inversiones; alerta mundial | ||
| 650 | |a NEOLIBERALISMO | ||
| 650 | |a INVERSIONES | ||
| 650 | |a ACUERDO ECONOMICO | ||
| 650 | |a SECTOR PUBLICO | ||
| 650 | |a SECTOR PRIVADO | ||
| 650 | |a ESTADO | ||
| 650 | |a LIBRE COMERCIO | ||
| 650 | |a LIBERALIZACION DEL INTERCAMBIO | ||
| 773 | |g número 363; páginas 1, 9, 10 | ||
| 999 | |c 26235 |d 26235 | ||
